Countries with most neighbours and almost-neighbours - Statistics

General Stats
  • This quiz has been taken 187 times
  • The average score is 17 of 24
Answer Stats
# COUNTRY % Correct
37 (14) Russia
99%
32 (14) China
97%
23 (9) Germany
96%
30 (11) France
94%
22 (10) Brazil
88%
20 (9) Democratic Republic of the Congo
85%
27 (7) Poland
82%
20 (8) Austria
81%
20 (7) Iran
80%
25 (7) Ukraine
80%
20 (6) Italy
76%
21 (8) Turkey
75%
27 (5) Kazakhstan
73%
21 (7) Hungary
71%
21 (5) Switzerland
70%
20 (6) Iraq
66%
23 (4) Pakistan
62%
21 (6) Afghanistan
58%
21 (6) Central African Republic
57%
20 (5) Belarus
54%
24 (2) Mongolia
50%
24 (5) Azerbaijan
33%
21 (4) Georgia
33%
25 (3) North Korea
22%
No matching quizzes found
Score Distribution
Percent of People with Each Score
Percentile by Number Answered
Your Score History
You have not taken this quiz